The Medieval Jihad : Texts, Theories, and Practices /

Saved in:

Other Authors: Mehdi Berriah (éd.), Abbès Zouache (éd.)

Format: Book

Language: English

Published: Cairo : Institut français d'archéologie orientale ; 2025.

Series: RAPH ; 50.

Subjects:

Tags: Add Tag

No Tags, Be the first to tag this record!

Call Number: DT57 .C14 v.50

LEADER 00620nam a22002057a 4500
005 20260429131301.0
008 260427t2025||||ua |||||||||| ||eng||
020 |a 9782724711011 
050 1 4 |a DT57  |b .C14 v.50 
245 1 4 |a The Medieval Jihad :   |b Texts, Theories, and Practices /  
264 1 |a Cairo :  |b Institut français d'archéologie orientale ;   |c 2025. 
300 |a 224 pages :   |c 24 cm. 
490 0 |a RAPH ;   |v 50. 
650 4 |a Islamic civilization. 
650 4 |a Islamic Empire -- History. 
650 4 |a Jihad. 
700 0 |a Mehdi Berriah (éd.) 
700 0 |a Abbès Zouache (éd.) 
942 |2 lcc  |c BK 
999 |c 61896  |d 61896